000 00715pam a2200265 i 4500
005 20260322212049.0
008 data
010 _a 74006533
020 _a0679202862
020 _a9780679202868
040 _aDLC
_cDLC
_dDLC
043 _an-us-az
050 0 0 _aE99.H3
_bH57
082 0 0 _a979.1/59/00497
092 _a979.1 H57 1976
100 1 _aHirst, Stephen,
_d1939-
245 1 0 _aLife in a narrow place /
_cStephen Hirst.
260 _aNew York :
_bD. McKay Co.,
_cc1976.
300 _axi, 302 p. :
_bill. ;
_c26 cm.
500 _aIncludes index.
504 _aBibliography: p. 285-287.
650 0 _aHavasupai Indians
_xHistory.
650 0 _aHavasupai Indians
_xSocial life and customs.
001 data
999 _c1151
_d1151